[Event "2024 National Middle School Championship"]
[Site "Atlanta, Georgia, United States"]
[Date "2024.05.10"]
[Round "1.20"]
[White "Zsirai, Samuel"]
[Black "Guevara, Michael"]
[Result "0-1"]
[TimeControl "G/90;d10"]
[WhiteElo "496"]
[BlackElo "698"]

1. e4 {[%clk 01:30:00]} {[%emt 00:12:04]} e5 {[%clk 01:30:00]} {[%emt
00:00:02]} 2. Bc4 {[%clk 01:30:00]} {[%emt 00:00:10]} Nc6 {[%clk 01:29:51]}
{[%emt 00:00:19]} 3. Nf3 {[%clk 01:29:44]} {[%emt 00:00:26]} Bc5 {[%clk
01:29:48]} {[%emt 00:00:13]} 4. a3 {[%clk 01:29:33]} {[%emt 00:00:23]} Nf6
{[%clk 01:29:17]} {[%emt 00:00:39]} 5. d3 {[%clk 01:29:23]} {[%emt 00:00:20]}
O-O {[%clk 01:29:07]} {[%emt 00:00:20]} 6. O-O {[%clk 01:29:19]} {[%emt
00:00:13]} d5 {[%clk 01:28:29]} {[%emt 00:00:48]} 7. exd5 {[%clk 01:28:59]}
{[%emt 00:00:31]} Nxd5 {[%clk 01:28:28]} {[%emt 00:00:11]} 8. Nxe5 {[%clk
01:28:35]} {[%emt 00:00:34]} Nxe5 {[%clk 01:27:59]} {[%emt 00:00:39]} 9. Bb3
{[%clk 01:28:16]} {[%emt 00:00:29]} Nc6 {[%clk 01:26:39]} {[%emt 00:01:30]} 10.
Ba2 {[%clk 01:27:48]} {[%emt 00:00:38]} Re8 {[%clk 01:26:13]} {[%emt 00:00:35]}
11. b3 {[%clk 01:27:23]} {[%emt 00:00:37]} Bd4 {[%clk 01:25:47]} {[%emt
00:00:35]} 12. c3 {[%clk 01:26:57]} {[%emt 00:00:35]} Bxc3 {[%clk 01:25:42]}
{[%emt 00:00:16]} 13. Nxc3 {[%clk 01:26:55]} {[%emt 00:00:12]} Nxc3 {[%clk
01:25:42]} {[%emt 00:00:06]} 14. Qc2 {[%clk 01:26:52]} {[%emt 00:00:11]} Nxa2
{[%clk 01:25:02]} {[%emt 00:00:52]} 15. Qxa2 {[%clk 01:26:45]} {[%emt
00:00:16]} Nd4 {[%clk 01:24:35]} {[%emt 00:00:38]} 16. Qb2 {[%clk 01:26:25]}
{[%emt 00:00:30]} Re2 {[%clk 01:24:07]} {[%emt 00:00:39]} 17. Qc3 {[%clk
01:26:15]} {[%emt 00:00:19]} Rc2 {[%clk 01:23:47]} {[%emt 00:00:26]} 18. Bg5
{[%clk 01:25:11]} {[%emt 00:01:18]} f6 {[%clk 01:22:28]} {[%emt 00:01:29]} 19.
Qe1 {[%clk 01:24:06]} {[%emt 00:01:15]} Re2 {[%clk 01:22:00]} {[%emt 00:00:38]}
20. Qd1 {[%clk 01:24:01]} {[%emt 00:00:15]} fxg5 {[%clk 01:20:52]} {[%emt
00:01:17]} 21. b4 {[%clk 01:23:03]} {[%emt 00:01:08]} Bf5 {[%clk 01:20:21]}
{[%emt 00:00:41]} 22. Rc1 {[%clk 01:22:33]} {[%emt 00:00:40]} b5 {[%clk
01:19:07]} {[%emt 00:01:24]} 23. h3 {[%clk 01:22:04]} {[%emt 00:00:39]} g4
{[%clk 01:17:33]} {[%emt 00:01:45]} 24. Kh1 {[%clk 01:21:05]} {[%emt 00:01:09]}
gxh3 {[%clk 01:16:11]} {[%emt 00:01:32]} 25. gxh3 {[%clk 01:20:49]} {[%emt
00:00:26]} Bxh3 {[%clk 01:16:06]} {[%emt 00:00:15]} 26. Re1 {[%clk 01:20:47]}
{[%emt 00:00:12]} Qd5+ {[%clk 01:15:39]} {[%emt 00:00:37]} 27. f3 {[%clk
01:19:37]} {[%emt 00:01:20]} Qxf3+ {[%clk 01:15:39]} {[%emt 00:00:05]} 28. Kg1
{[%clk 01:19:12]} {[%emt 00:00:35]} Qg2# {[%clk 01:15:39]} {[%emt 00:00:04]}
0-1